| 000 | 00426nam a22001577a 4500 | ||
|---|---|---|---|
| 999 |
_c4179 _d4179 |
||
| 008 | 200724b ||||| |||| 00| 0 eng d | ||
| 082 | 0 | 0 |
_a623.8503 _bL4251 |
| 100 |
_93106 _aLaws, W. |
||
| 245 | 1 | 0 |
_aElectricity applied to marine engineering _cby W. Laws |
| 250 | _a3rd ed. | ||
| 260 |
_aLondon _bInstitute of Marine Engineers _c1952 |
||
| 300 | _a384 p. | ||
| 365 | _d10.05 | ||
| 650 | 0 | _aElectrical Engineering | |
| 942 | _cBK | ||